000 00498cam a2200193ua 4500
020 _a81-204-0148-8
_c75.00
041 _aeng
_h
082 _a631.42
_bMEH/RE
100 _aMehta, K K .
245 _aReclamation of alkali soils in India /
_cK K Mehta.
_hTextual Documents
250 _a1 /
_b.
260 _aNew Delhi :
_bOxford & IBH Publishing company ,
_c1983.
300 _a280 ; .
365 _a75.00
504 _a
942 _cBK
999 _c7448
_d7448